[Event "Moscow Smyslov-C"]
[Site "Moscow"]
[Date "2025.06.05"]
[Round "4"]
[White "Smirnova, Viktoria A"]
[Black "Agapov, Ivan Dm"]
[Result "0-1"]
[WhiteElo "1788"]
[BlackElo "1659"]
[PlyCount "120"]
[EventDate "2025.06.02"]
[EventType "swiss"]
[EventRounds "8"]
[EventCountry "RUS"]
[SourceTitle "CB29_2025"]
[SourceDate "2025.07.16"]
[SourceVersion "1"]
[SourceVersionDate "2025.07.16"]
[SourceQuality "1"]

1. d4 d5 2. c4 e6 3. Nf3 Nf6 4. g3 Be7 5. Bg2 0-0 6. 0-0 dxc4 7. Qa4 c5 8. Rd1 Bd7 9. Qxc4 Bc6 10. Nc3 Qb6 11. b3 cxd4 12. Nxd4 Bxg2 13. Kxg2 Nbd7 14. Bb2 Rac8 15. Qb5 Rfd8 16. Rac1 a6 17. Qxb6 Nxb6 18. e3 h6 19. f3 Nbd5 20. Kf2 Nxc3 21. Bxc3 Ba3 22. Rc2 e5 23. Rdd2 exd4 24. Bxd4 Bc1 25. Re2 Nd5 26. Rc4 Rxc4 27. bxc4 Nb4 28. f4 Nc6 29. Bc5 Rd2 30. Ke1 Rxe2+ 31. Kxe2 Bb2 32. e4 Bd4 33. Bd6 f6 34. g4 Kf7 35. h4 Ke6 36. Bf8 Kf7 37. Bd6 b6 38. h5 Ke6 39. Bf8 Kf7 40. Ba3 Bc5 41. Bb2 Ke6 42. a4 Bd4 43. Ba3 Bc5 44. Bb2 Nd4+ 45. Kd3 Nc6 46. Ke2 Kf7 47. Kd3 Nd8 48. Ke2 Ne6 49. Kf3 Bd6 50. Bc1 Nc5 51. a5 Nb3 52. Bb2 bxa5 53. e5 fxe5 54. fxe5 Bc5 55. Ke4 Ke6 56. Kd3 a4 57. Kc2 Bd4 58. Ba3 Bxe5 59. Kd3 Bd6 60. Bb2 a3 0-1

[Event "Moscow Smyslov-C"]
[Site "Moscow"]
[Date "2025.06.03"]
[Round "2"]
[White "Smirnova, Viktoria A"]
[Black "Bondarev, Fedor"]
[Result "0-1"]
[WhiteElo "1788"]
[BlackElo "1684"]
[PlyCount "120"]
[EventDate "2025.06.02"]
[EventType "swiss"]
[EventRounds "8"]
[EventCountry "RUS"]
[SourceTitle "CB29_2025"]
[SourceDate "2025.07.16"]
[SourceVersion "1"]
[SourceVersionDate "2025.07.16"]
[SourceQuality "1"]

1. d4 Nf6 2. c4 e6 3. Nf3 c5 4. e3 cxd4 5. exd4 d5 6. g3 Nc6 7. b3 Bb4+ 8. Bd2 Be7 9. Bc3 Ne4 10. Bg2 Nxc3 11. Nxc3 Bb4 12. Rc1 Qa5 13. Qc2 0-0 14. 0-0 Qd8 15. Rfd1 Bxc3 16. Qxc3 Bd7 17. Ne5 Rc8 18. Qd3 Ne7 19. c5 Nc6 20. Nxc6 Bxc6 21. a4 Qa5 22. Qc3 Qc7 23. Ra1 a5 24. f4 b6 25. Rac1 bxc5 26. Qxc5 Qb7 27. Qa3 g6 28. Rc5 Qb6 29. Rdc1 Bd7 30. R1c3 Kg7 31. h3 h5 32. h4 Kf6 33. Kh2 Kg7 34. Bf1 Qb7 35. Bb5 Bxb5 36. axb5 Ra8 37. Qa4 Rfb8 38. Rc1 Kg8 39. Qa2 Qa7 40. Qa4 Qb6 41. Qa2 Qa7 42. Qc2 Qb6 43. Kh3 Qd6 44. Rc6 Qb4 45. Rxe6 Kg7 46. Rc6 Qxb5 47. Rc5 Qxb3 48. Qxb3 Rxb3 49. Rxd5 a4 50. Ra1 a3 51. Rc5 Rb2 52. Rcc1 a2 53. Rd1 Ra6 54. Rd3 Ra8 55. Rdd1 Kf6 56. d5 Ke7 57. Rdc1 Kd6 58. Rd1 Rc8 59. Rd3 Rcc2 60. g4 Rb1 0-1

[Event "Wch U12 Girls"]
[Site "Montesilvano"]
[Date "2024.11.25"]
[Round "10"]
[White "Smirnova, Viktoria A"]
[Black "Abak, Tuana"]
[Result "0-1"]
[WhiteElo "1658"]
[BlackElo "1806"]
[PlyCount "142"]
[EventDate "2024.11.15"]
[EventType "swiss"]
[EventRounds "11"]
[EventCountry "ITA"]
[SourceTitle "CB48_2024"]
[SourceDate "2024.11.28"]
[SourceVersion "1"]
[SourceVersionDate "2024.11.28"]
[SourceQuality "1"]

1. d4 d5 2. c4 c6 3. Nd2 Nf6 4. Ngf3 Bf5 5. Nh4 Bg6 6. Qb3 Qb6 7. Qh3 Na6 8. Nxg6 fxg6 9. c5 Qa5 10. Qc3 Qd8 11. e3 Nc7 12. Bd3 e6 13. Nf3 Be7 14. Ne5 Nd7 15. Nf3 0-0 16. b4 Bf6 17. 0-0 Qe7 18. Ne5 Bxe5 19. dxe5 Nb5 20. Bxb5 cxb5 21. Bb2 Rfc8 22. Qd3 a6 23. Rac1 b6 24. cxb6 Nxb6 25. Bd4 Nc4 26. a3 a5 27. Bc5 Nxe5 28. Qxb5 Qd7 29. Qxd7 Nxd7 30. Bd6 a4 31. Rxc8+ Rxc8 32. b5 Nb6 33. Rb1 Rc3 34. g4 Kf7 35. Rd1 Rc4 36. Rd4 Rxd4 37. exd4 Nc4 38. Bc5 Ke8 39. Kf1 Kd7 40. Ke2 Kc7 41. Kd3 e5 42. f3 g5 43. dxe5 Nxe5+ 44. Ke3 g6 45. Bd4 Nc4+ 46. Kd3 Nxa3 47. b6+ Kc6 48. Bf6 Kxb6 49. Bxg5 Nb5 50. Bf6 Kc6 51. Ba1 Kd6 52. f4 Ke6 53. h4 Nd6 54. Kd4 a3 55. Kc5 Ne4+ 56. Kb4 Nf2 57. f5+ gxf5 58. gxf5+ Kxf5 59. Kxa3 Ne4 60. Kb3 Kg4 61. Kc2 Kxh4 62. Kd3 Kg4 63. Kd4 h5 64. Kxd5 Ng5 65. Kd4 Kf3 66. Ke5 h4 67. Kf5 Nf7 68. Bd4 h3 69. Bg1 Kg2 70. Kg4 Ne5+ 71. Kh4 Nf3+ 0-1

[Event "Wch U12 Girls"]
[Site "Montesilvano"]
[Date "2024.11.23"]
[Round "8"]
[White "Smirnova, Viktoria A"]
[Black "Sunea, Sara Maria"]
[Result "1-0"]
[WhiteElo "1658"]
[BlackElo "1823"]
[PlyCount "105"]
[EventDate "2024.11.15"]
[EventType "swiss"]
[EventRounds "11"]
[EventCountry "ITA"]
[SourceTitle "CB48_2024"]
[SourceDate "2024.11.28"]
[SourceVersion "1"]
[SourceVersionDate "2024.11.28"]
[SourceQuality "1"]

1. d4 Nf6 2. c4 c5 3. d5 e6 4. Nc3 exd5 5. cxd5 d6 6. e4 g6 7. Bd3 Bg7 8. Nge2 0-0 9. 0-0 Re8 10. Ng3 Ng4 11. h3 Ne5 12. Be2 a6 13. a4 b6 14. Qc2 Qc7 15. b3 h5 16. f4 Ned7 17. Bd3 Nf8 18. Bb2 Nbd7 19. Nd1 Nf6 20. Ne3 Bb7 21. Rae1 Rad8 22. f5 N8d7 23. fxg6 fxg6 24. Nc4 Ne5 25. Nxe5 dxe5 26. Bc4 Kh8 27. Rf2 Qd6 28. Qd3 Ra8 29. Ref1 Rf8 30. Qe3 Kh7 31. Bc1 Nd7 32. Rxf8 Rxf8 33. Rxf8 Qxf8 34. Qf2 Nf6 35. Qe2 Qc8 36. Bg5 a5 37. Qf3 Qf8 38. Nf1 Bc8 39. Bd3 Kg8 40. Ne3 Nd7 41. Qxf8+ Nxf8 42. Bd8 Bh6 43. Kf2 Nd7 44. Bb5 Kf7 45. Bxd7 Bxd7 46. Bxb6 Bf8 47. Nc4 Kf6 48. Bxa5 g5 49. Bc3 Be8 50. Nxe5 Ke7 51. Nd3 Kd7 52. Bd2 Bg6 53. Ne5+ 1-0

[Event "Wch U12 Girls"]
[Site "Montesilvano"]
[Date "2024.11.20"]
[Round "6"]
[White "Smirnova, Viktoria A"]
[Black "Moscovitch, Shelly"]
[Result "1-0"]
[WhiteElo "1658"]
[BlackElo "1552"]
[PlyCount "127"]
[EventDate "2024.11.15"]
[EventType "swiss"]
[EventRounds "11"]
[EventCountry "ITA"]
[SourceTitle "CB48_2024"]
[SourceDate "2024.11.28"]
[SourceVersion "1"]
[SourceVersionDate "2024.11.28"]
[SourceQuality "1"]

1. d4 d5 2. c4 e6 3. Nf3 Nf6 4. g3 Be7 5. Bg2 0-0 6. 0-0 Nbd7 7. Qc2 b6 8. Nc3 Bb7 9. Ne5 c5 10. Nxd7 Qxd7 11. Rd1 Rfd8 12. Bg5 Rac8 13. dxc5 Rxc5 14. cxd5 exd5 15. Be3 Rcc8 16. Bd4 Qe6 17. Qb3 Ne8 18. Rd2 Rd7 19. Rad1 Rcd8 20. e3 Nc7 21. Ne2 Qd6 22. Qc3 Ne6 23. Be5 Qc5 24. Qd3 Qa5 25. a3 Nc5 26. Qc2 Ne6 27. Bc3 Qc5 28. Qb3 Qc6 29. Nd4 Nxd4 30. Bxd4 Bc5 31. Qd3 Bxd4 32. Qxd4 h6 33. h4 Qe6 34. Kh2 Qc6 35. Qb4 Qc5 36. Qb3 Qd6 37. Rd4 Qe6 38. Bh3 f5 39. Qd3 Rf8 40. Rf4 Rdf7 41. Bg2 Rd7 42. Rd4 Rfd8 43. Qe2 Qf7 44. b4 Qe6 45. Qf3 Rc8 46. R1d2 Rc3 47. a4 Ra3 48. b5 Rc3 49. Qf4 Rc8 50. e4 fxe4 51. Bh3 Qe7 52. Bxd7 Qxd7 53. Qxe4 Rd8 54. Qg6 Qe7 55. Qg4 Bc8 56. Qe2 Qxe2 57. Rxe2 Kf7 58. Rc2 Kg8 59. Rc7 a5 60. Rc6 Rf8 61. Kg1 Re8 62. Rxb6 Rd8 63. Rb8 Kh7 64. b6 1-0

[Event "Wch U12 Girls"]
[Site "Montesilvano"]
[Date "2024.11.19"]
[Round "5"]
[White "Jordan, Christina"]
[Black "Smirnova, Viktoria A"]
[Result "1-0"]
[WhiteElo "1803"]
[BlackElo "1658"]
[PlyCount "105"]
[EventDate "2024.11.15"]
[EventType "swiss"]
[EventRounds "11"]
[EventCountry "ITA"]
[SourceTitle "CB48_2024"]
[SourceDate "2024.11.28"]
[SourceVersion "1"]
[SourceVersionDate "2024.11.28"]
[SourceQuality "1"]

1. e4 e6 2. d4 d5 3. Nc3 Bb4 4. Nge2 dxe4 5. a3 Bxc3+ 6. Nxc3 Nc6 7. Bf4 Nf6 8. Bb5 Bd7 9. d5 exd5 10. Nxd5 Nxd5 11. Qxd5 0-0 12. 0-0-0 Qf6 13. Be3 Bf5 14. Bxc6 bxc6 15. Qd4 Qe6 16. Kb1 a5 17. Bf4 Qe7 18. Qc3 Rfb8 19. Qxc6 h6 20. Qxc7 Qxc7 21. Bxc7 Rc8 22. Rd5 Rxc7 23. Rxf5 Rac8 24. c3 a4 25. Re5 Rb8 26. Kc2 Rcb7 27. Rb1 f5 28. Rxf5 g6 29. Rf4 Re7 30. Re1 Reb7 31. Rexe4 Rxb2+ 32. Kd3 Rd8+ 33. Rd4 Re8 34. Rxa4 Ree2 35. Ra8+ Kg7 36. Ra7+ Kg8 37. Rf6 Rbd2+ 38. Kc4 Rxf2 39. Rxg6+ Kh8 40. Rxh6+ Kg8 41. Rb6 Rf4+ 42. Kb3 Rxg2 43. Rb8+ Rf8 44. Rxf8+ Kxf8 45. h4 Rh2 46. Rh7 Ke8 47. a4 Kd8 48. a5 Kc8 49. h5 Kb8 50. h6 Ka8 51. Kb4 Rh4+ 52. Kc5 Rh5+ 53. Kb6 1-0